000 00203nam a2200097Ia 4500
008 240331s9999 xx 000 0 und d
082 _bCOO
100 _aCooray, M
245 0 _aEnglish Grammar
942 _cL
999 _c3029
_d3029